Statistics for Countries Lady Gaga has Visited

Click here to take the quiz!

General Stats

  • This quiz has been taken 68 times
    (36 since last reset)
  • The average score is 41 of 54

Answer Stats

Continent Country % Correct
OceaniaAustralia
97%
AsiaChina
97%
AsiaJapan
97%
North AmericaUnited States of America
94%
EuropeUnited Kingdom
94%
EuropeGermany
94%
EuropeFrance
94%
EuropeSpain
94%
North AmericaCanada
94%
Asia/ EuropeRussia
91%
South AmericaArgentina
91%
South AmericaBrazil
91%
EuropeFinland
88%
EuropeAustria
88%
North AmericaMexico
88%
South AmericaChile
85%
AsiaSouth Korea
85%
EuropeSweden
85%
EuropePoland
82%
EuropePortugal
82%
EuropeBelgium
82%
EuropeIreland
82%
EuropeNorway
79%
OceaniaNew Zealand
79%
AfricaSouth Africa
79%
EuropeGreece
79%
EuropeItaly
79%
Europethe Netherlands
76%
EuropeSwitzerland
74%
EuropeHungary
74%
AsiaThailand
74%
South AmericaPeru
74%
South AmericaColombia
74%
EuropeDenmark
71%
Asia/ EuropeTurkey
71%
EuropeRomania
71%
EuropeLatvia
68%
EuropeBulgaria
68%
EuropeEstonia
65%
EuropeCzech Republic
65%
EuropeLithuania
62%
Asiathe Philippines
62%
South AmericaParaguay
62%
EuropeCroatia
62%
AsiaVietnam
62%
AsiaUnited Arab Emirates
56%
AsiaSingapore
53%
EuropeMonaco
53%
AsiaIsrael
53%
North Americathe Bahamas
50%
EuropeMalta
47%
AsiaTaiwan
47%
North AmericaCosta Rica
44%
AsiaAzerbaijan
44%

Score Distribution

Percentile by Number Answered

Percent of People with Each Score

Your Score History

You have not taken this quiz since the last reset